| 000 | 00399nam a22001457a 4500 | ||
|---|---|---|---|
| 082 | _aP-611 | ||
| 100 |
_aHassan sagheer anwar _950796 |
||
| 245 | _aDeveloping a framework for pavement management system in pakistan | ||
| 260 |
_aRisalpur, _bMCE, _c2015. |
||
| 300 | _a75p. | ||
| 526 |
_a0 _b0 _c0 _dP_611 |
||
| 526 |
_a0 _b0 _c0 _dP_611 |
||
| 700 |
_aDr Muhammad Irfan Lt Col _950797 |
||
| 942 |
_2ddc _cBK |
||
| 999 |
_c553545 _d553545 |
||